Land reform: proposals for legislation (Record no. 61914)

MARC details
000 -LEADER
fixed length control field 00851cam a2200217 4500
001 - CONTROL NUMBER
control field X103030
008 - FIXED-LENGTH DATA ELEMENTS--GENERAL INFORMATION
fixed length control field 000000n1999 000 0 eng u
035 ## - SYSTEM CONTROL NUMBER
System control number (Sirsi) u103030
100 ## - MAIN ENTRY--PERSONAL NAME
Personal name Raeside, L.
245 ## - TITLE STATEMENT
Title Land reform: proposals for legislation
260 ## - PUBLICATION, DISTRIBUTION, ETC.
Date of publication, distribution, etc. 1999
490 ## - SERIES STATEMENT
Series statement Property Law
Volume/sequential designation (42) November 1999, 1-4 (4)
520 ## - SUMMARY, ETC.
Summary, etc. RICS in Scotland response to the land reform proposals from the Scottish Parliament, in particular the community right to buy and the right of access to the countryside. Expresses serious concerns felt to some of the proposals and proposes that these two main issues should be dealt with under separate Bills
650 ## - SUBJECT ADDED ENTRY--TOPICAL TERM
Topical term or geographic name entry element LAND REFORM
650 ## - SUBJECT ADDED ENTRY--TOPICAL TERM
Topical term or geographic name entry element COMMUNITY OWNERSHIP
650 ## - SUBJECT ADDED ENTRY--TOPICAL TERM
Topical term or geographic name entry element ACCESS TO THE COUNTRYSIDE
650 ## - SUBJECT ADDED ENTRY--TOPICAL TERM
Topical term or geographic name entry element SCOTLAND
650 ## - SUBJECT ADDED ENTRY--TOPICAL TERM
Topical term or geographic name entry element RIGHT TO BUY
690 ## - LOCAL SUBJECT ADDED ENTRY--TOPICAL TERM (OCLC, RLIN)
Topical term or geographic name as entry element PROPERTY
942 ## - ADDED ENTRY ELEMENTS (KOHA)
Suppress in OPAC 0
Holdings
Withdrawn status Lost status Source of classification or shelving scheme Damaged status Not for loan Home library Current library Shelving location Date acquired Total Checkouts Full call number Barcode Date last seen Copy number Price effective from Koha item type
    Dewey Decimal Classification     London London Journal article 03/12/1999   X103030 103030-1001 06/08/2019 1 06/08/2019 Journal article